000 00377 a2200109 4500
001 ART_50520
005 20260410162043.0
008 260409a
245 1 0 _aNuevamente sobre la obligación de los profesionales en Ciencias Económicas de formular denuncias penales
100 1 _aRobiglio, Carolina L.
773 0 _tImpuestos
_g- N°68 (ene. 2020)
_wREV45175
999 _c35099
_d35099